[Event "West Wales Open"]
[Site "Swansea"]
[Date "2019.10.13"]
[Round "4.3"]
[White "Hilton, Tim"]
[Black "Garcia, Jason"]
[Result "0-1"]
[WhiteElo "1868"]
[BlackElo "2050"]
[Annotator "kemen"]
[PlyCount "46"]
[EventDate "2019.10.12"]
[EventType "swiss"]
[EventRounds "5"]
[EventCountry "WLS"]

{[%evp 0,17,19,31,14,23,20,21,31,27,42,66,49,49,31,30,50,23,37,5]} 1. d4 Nf6 2.
Bf4 c5 3. d5 (3. e3) 3... Qb6 4. Nc3 Qxb2 5. Bd2 {this position usually
arrives via a Trompovsky rather than a London System} Qb6 6. e4 d6 7. f4 g6 (
7... e5 {main}) (7... e6) 8. Nf3 {52% for Wh} (8. e5 {78% for Wh}) 8... Bg7 9.
Rb1 {main 43%} (9. e5 {60%}) 9... Qd8 10. Bc4 {1 Wh win, 4 draws, 6 Bl wins} (
10. Bb5+ Nfd7 11. a4 {3 Wh wins, 2 draws, 3 Bl wins}) 10... O-O 11. O-O Na6
$146 {Stockfish10} (11... Nfd7 {1 Bl win, 3 draws}) (11... Nbd7 {1 win each}) (
11... a6 {0-1}) (11... b6 {0-1}) 12. Bxa6 (12. Qe2) 12... bxa6 13. Qe1 (13. Qe2
$11) 13... e6 (13... Bg4 $15 {Komodo13}) 14. Qh4 (14. e5 Nxd5 15. Ne4 c4 16.
Ba5 Qd7 17. Nxd6 $11 {Komodo13}) 14... exd5 15. exd5 (15. Nxd5 Nxd5 16. Qxd8
Rxd8 17. exd5 Bf5 $19 {Komodo13}) 15... Bf5 $19 16. Rfe1 Rb8 (16... Bxc2) 17.
Rxb8 Qxb8 18. Ng5 Re8 19. Rxe8+ Qxe8 20. g4 Bxc2 21. f5 gxf5 22. gxf5 Bxf5 23.
Qg3 Qe5 (23... Nh5 $1 {Komodo13} 24. Qe1 (24. Qxd6 Bxc3 25. Bxc3 Qe3+ 26. Kh1
Qxc3) 24... Qxe1+ 25. Bxe1 Bxc3 26. Bxc3 Kf8 27. Kf2 Nf4 $19 {picks up the d5
pawn as well}) 0-1

[Event "West Wales Open"]
[Site "Swansea"]
[Date "2019.10.13"]
[Round "4.4"]
[White "Musson, Adam J"]
[Black "May, Adam J"]
[Result "1-0"]
[WhiteElo "2017"]
[BlackElo "1924"]
[Annotator "kemen"]
[PlyCount "83"]
[EventDate "2019.10.12"]
[EventType "swiss"]
[EventRounds "5"]
[EventCountry "WLS"]

{[%evp 0,14,26,11,59,49,69,73,64,9,0,3,-5,21,34,34,11]} 1. e4 c6 2. d4 d5 3. e5
c5 4. Ne2 (4. dxc5) (4. c3) (4. Nf3) 4... Nc6 5. c3 cxd4 6. cxd4 Bf5 7. Ng3 (7.
Nbc3 e6 8. Ng3) 7... Bg6 (7... Bxb1 {3.5-0.5}) 8. h4 (8. Nc3 {main}) (8. Bb5 {
2-0}) 8... h5 9. Nc3 e6 {transposes back} 10. Bd3 (10. Be3 {main, 61%}) 10...
Bxd3 11. Qxd3 Qb6 (11... Be7 12. Be3 g6 13. Nge2 Bxh4 14. Nf4 Kd7 15. Nfxd5
exd5 16. Nxd5 Qa5+ (16... Nge7 $11) 17. Nc3 Be7 18. O-O $11 {Forgacs-Medvegy,
Balatonalmadi Pannonia cup, 2010,1/2-1/2}) 12. Be3 a6 13. Rb1 Na5 14. b3 (14.
O-O $14 {Stockfish10}) 14... g6 15. Bg5 Nc6 16. Nge2 Bb4 17. O-O Be7 (17...
Nge7 {Stockfish10}) 18. Na4 Qc7 19. Rbc1 Bxg5 20. hxg5 Nge7 $11 21. Rc3 Nf5 22.
Rfc1 Qe7 23. Qd2 (23. Nc5 Rc8 24. Nxa6 (24. Qd2 a5 $11) 24... Qxg5 25. Nc5 Qe7
26. b4 O-O 27. a3 Kg7 $11 {Stockfish10}) 23... Qb4 24. Nb2 O-O 25. Nd3 Qe7 26.
Nc5 Na5 (26... Rfc8 $11) 27. Qf4 (27. g3 Nc6 28. f3 Rfc8 29. g4 Ng7 30. Kf2 $16
{Stockfish10}) 27... Rac8 28. g4 (28. Ng3 Kg7 (28... Ng7 29. Nce4 Rxc3 30. Nf6+
Kh8 31. Rxc3 $18) 29. Nxf5+ gxf5 (29... exf5 30. e6 $18) 30. Qd2 h4 31. Rh3 Nc6
32. Rxh4 Rh8 33. Rxh8 Rxh8 34. f4 $16 {Stockfish10}) 28... hxg4 29. Qxg4 (29.
Ne4 Rxc3 30. Nf6+ Kg7 31. Rxc3 Nc6 32. Qxg4 Rh8 33. Rh3 Qd8 $11 {Stockfish10})
29... Kg7 (29... Nc6 30. Rh3 Kg7 31. Kg2 Rh8 32. Rch1 b6 33. Nd3 Rxh3 34. Rxh3
(34. Qxh3 Qxg5+ $19) 34... Rh8 35. Rxh8 Kxh8 36. Qf4 a5 $17 {Komodo13}) 30. Nf4
(30. Ng3) 30... Rc6 $2 {too defensive it seems} (30... Nc6 $19 {Stockfish10,
as Wh loses the d pawn} 31. Ne2 Rh8 32. Ng3 (32. f4 Rh4 33. Qg2 Ncxd4 $19 (
33... Rch8 $19)) (32. Qg2 Rh4 $19) 32... Ncxd4 $19 33. Nxf5+ exf5 $1 (33...
Nxf5 $19) 34. Qxd4 Qxg5+ 35. Kf1 Rh1+ 36. Ke2 Rxc1 37. Rxc1 Qxc1 $19) 31. Ne2 (
31. Rh3 $1 $18 {as Bl has disconnected his Rs} b6 32. Kg2 bxc5 33. Rch1 Rg8 34.
Rh7+ Kf8 35. Nxg6+ $1 fxg6 (35... Rxg6 36. Rh8+ Rg8 37. Rxg8+ Kxg8 38. Qh5 f6
39. gxf6 {mating}) 36. Rxe7 Kxe7 37. dxc5 $18 {Stockfish10}) 31... Rfc8 (31...
Rcc8 $17) 32. Qf4 (32. Rh3 b6 33. Ng3 Rg8 34. Rh7+ Kf8 (34... Kxh7 35. Qh3+ Kg7
36. Nxf5+ $18) 35. Nd3 Rxc1+ 36. Nxc1 Nc6 $11 {Stockfish10}) 32... b6 $17 33.
Na4 Rxc3 (33... Qb4) 34. Naxc3 b5 (34... Nc6 $17) 35. Kg2 b4 $2 (35... Rh8 $11)
(35... Nc6 36. Nd1 Qd7 $11) 36. Nxd5 $18 Qb7 37. Rxc8 Qxc8 38. Nf6 Qc6+ 39. Kg1
(39. d5 $1 exd5 (39... Qc8 40. d6 $18) 40. Qh2 d4+ 41. Kg1 Kf8 42. Qh8+ Ke7 43.
Nf4 Nb7 44. e6 $18 {Stockfish10}) 39... Qc2 40. Qh2 Qb1+ 41. Kg2 Qe4+ {best
move to delay mate according to Stockfish10.} 42. Nxe4 1-0

[Event "West Wales Open"]
[Site "Swansea"]
[Date "2019.10.13"]
[Round "4.5"]
[White "McCarthy, Maurice"]
[Black "Jukes, Sam"]
[Result "0-1"]
[WhiteElo "1980"]
[BlackElo "1897"]
[Annotator "kemen"]
[PlyCount "66"]
[EventDate "2019.10.12"]
[EventType "swiss"]
[EventRounds "5"]
[EventCountry "WLS"]

{[%evp 0,23,14,-11,-5,-5,-5,-6,-14,-25,-14,-20,-20,-20,7,7,4,4,4,0,0,-19,-19,
-33,-33,-24]} 1. c4 e5 2. Nc3 Nf6 3. Nf3 Nc6 4. g3 d5 {main} 5. cxd5 Nxd5 6.
Bg2 Nb6 7. O-O Be7 8. d3 O-O 9. a3 Be6 10. Bd2 (10. b4 a5 11. b5 Nd4 12. Nd2 c6
) 10... f5 (10... f6 {main}) 11. b4 a6 (11... Bf6 12. Rc1 {main}) 12. Rb1 (12.
Rc1) 12... f4 (12... Bf6) 13. b5 (13. Ne4 $14 {Komodo13} fxg3 14. fxg3 Bd5 15.
Rc1 Bxe4 16. dxe4 Kh8 17. Be3 Qe8 18. Qb3 Qh5 19. Bc5 Nc8 20. a4 Bd6 21. b5
axb5 22. axb5 Na5 23. Qd3 Rf6 24. Bxd6 cxd6 25. Rc7 {Waldrep-Crawford, USA ch
prelim corr 1996,1-0}) 13... axb5 14. Rxb5 Bd6 (14... Rxa3 15. Nxe5 $11) 15.
Qb1 (15. a4) 15... Rxa3 16. gxf4 (16. Ne4 Bd5 17. Rxd5 Nxd5 18. Qxb7 Nce7 19.
Nxd6 Qxd6 (19... cxd6 20. Ng5 $11) 20. Qb2 Nc6 21. Ng5 Nd4 22. Bb4 Nxb4 23.
Qxa3 Nxe2+ 24. Kh1 Kh8 25. Ne4 Qe7 26. Rb1 c5 27. Nxc5 Nc2 28. Qa5 fxg3 29.
fxg3 Ne3 30. Qb4 $11 {Komodo13} (30. Nd7 Ng4 31. Rf1 $11)) 16... exf4 17. Ne4
Be7 (17... Bd5 18. Qc1 Ra4 (18... Ra7) 19. Qb2 Ra6 20. Ra1 Rxa1+ 21. Qxa1 Qd7
$17 {Komodo13}) 18. Bc3 (18. Qc1 Ra2 19. Nc3 Ra3 20. Ne4 Ra2 $11) 18... Nd5 19.
Bb2 (19. Ba1) 19... Ra5 20. Rxa5 Nxa5 21. Nd4 $11 Bf7 (21... Bg4) 22. Nf5 Bf6
23. Bxf6 (23. Nxf6+ Nxf6 24. Qc1 $14) 23... Nxf6 24. Qb4 $11 Nxe4 25. Qxe4 (25.
Bxe4) 25... Qf6 (25... Qg5 26. h4 Qf6 27. Qxf4 Bg6 28. e4 c6 29. Qc7 $11 {
Komodo13}) 26. Ne7+ (26. Qxf4) 26... Kh8 27. Nd5 Bxd5 28. Qxd5 Qf5 (28... Nc6
$15) 29. Qxf5 (29. Ra1) 29... Rxf5 30. Bxb7 {a miscalculation} (30. h4 c6 31.
Rb1 g6 32. Rb4 {Komodo13 thinks Wh with active R & B has sufficient for the
pawn} Kg7 $11) 30... Nxb7 31. Rb1 Nd8 32. Rb8 Rf8 33. Kg2 Ne6 0-1

[Event "West Wales Open"]
[Site "Swansea"]
[Date "2019.10.13"]
[Round "4.6"]
[White "Cheung, Ryan"]
[Black "Jones, Ian Robert"]
[Result "1/2-1/2"]
[WhiteElo "1642"]
[BlackElo "1975"]
[Annotator "kemen"]
[PlyCount "66"]
[EventDate "2019.10.12"]
[EventType "swiss"]
[EventRounds "5"]
[EventCountry "WLS"]

{[%evp 0,14,15,30,79,75,80,21,21,21,42,30,34,35,26,16,14]} 1. d4 d6 2. e4 Nf6
3. Bd3 e5 4. Nf3 exd4 (4... Nbd7) 5. Nxd4 Nc6 (5... Be7) 6. Nxc6 bxc6 7. h3 (7.
O-O) 7... Be7 8. O-O O-O 9. Nc3 Re8 10. Bf4 (10. f4 {main}) 10... Bf8 (10...
Nd7 11. Qd2 Bf6 12. Rfe1 Be5 13. Bxe5 Nxe5 {Nestorovic-Nestorovic, Djenovici
2019; draw agreed}) 11. Re1 Nd7 {Houdini1.5 & Komodo13} (11... Be6 12. Re3 g6
13. Bg5 h6 14. Bh4 g5 15. Bg3 Bg7 16. f4 g4 17. e5 Nh5 18. f5 Qg5 19. Qe2 Nxg3
(19... Bxf5 $17) 20. Rxg3 Bxf5 21. Bxf5 Qxf5 22. Rf1 Qxe5 23. Qxg4 Rf8 (23...
Kh8 24. Rxf7 Rg8 $15 {Komodo13}) 24. Rf5 $18 {De Ruijsscher-Tillema, Hengelo
U14 0- 2001,1-0}) (11... Bb7 12. Qd2 h6 13. Rad1 Qd7 14. Bc4 Rad8 15. Bb3 Qc8
16. Bh2 Qa8 17. Qd3 c5 18. Nd5 Nxd5 19. exd5 c6 20. Rxe8 Rxe8 21. dxc6 Bxc6 $11
{Svoboda-Zuziak, Morava ch U16, Kouaty nad Desnou, 2012,1-0}) 12. Ne2 (12. Qd2)
12... Nc5 13. Nd4 Qf6 14. Be3 Nxd3 15. Qxd3 (15. cxd3 $11) 15... Bd7 (15... c5
16. Ne2 Qxb2 $17 {Komodo13}) 16. c3 (16. b3) 16... Rab8 17. b3 c5 18. Nf5 (18.
Ne2 $11) 18... a5 (18... Bb5 19. c4 Bc6 20. Ng3 g6 21. Qd2 Bg7 22. Rac1 Rb4 $15
{Komodo13}) 19. Bd2 (19. Bxc5 Bxf5 20. Bd4 Bxe4 21. Rxe4 Qg6 22. Rxe8 Qxd3 23.
Rxb8 c5 24. Be3 Qxc3 25. Rc1 $11 {Komodo13}) 19... a4 20. b4 (20. c4 Bc6 21. f3
$11) 20... cxb4 21. cxb4 Bb5 (21... d5 $1 22. Qxd5 Rbd8 23. Qd4 Qxd4 24. Nxd4
Bxh3 25. Bc3 Bd7 $15 {Komodo13}) 22. Qf3 Qe6 (22... Qg6) 23. Bc3 (23. Nd4 Qd7
24. Nxb5 Qxb5 25. a3 c5 $11 {Komodo13}) 23... Bc4 (23... a3 $5) 24. a3 Qg6 25.
Re3 Be7 $2 (25... f6 26. h4 $14) 26. h4 (26. Nxg7 $18) (26. Bxg7 $18) (26. Rae1
Bf6 27. Bxf6 Qxf6 28. Rc1 Bb3 29. Rxc7 $18) 26... Bf6 27. h5 (27. Bxf6 Qxf6 28.
Rc1 Bb3 29. Rxc7 $18 {Komodo13}) 27... Qg5 28. Rae1 (28. Bxf6 {as above}) 28...
Bxc3 29. Rxc3 d5 30. Rce3 (30. Qe3 Qxe3 31. Rexe3 c6 32. Rg3 g6 33. Nd6 $16 {
Komodo13}) 30... dxe4 31. Rxe4 (31. Ng3 Qh6 32. Rxe4 Be6 33. Qc3 $16 {Komodo13}
) 31... Rxe4 32. Qxe4 Be6 33. Ng3 (33. Nd4 Qxh5 34. Nxe6 fxe6 35. Qxe6+ Qf7 36.
Qc6 $16 {Komodo13}) 33... g6 $16 1/2-1/2

[Event "West Wales Open"]
[Site "Swansea"]
[Date "2019.10.13"]
[Round "4.7"]
[White "Fathallah, Joe"]
[Black "Graham, David B"]
[Result "0-1"]
[WhiteElo "1904"]
[BlackElo "2162"]
[PlyCount "76"]
[EventDate "2019.10.12"]
[EventType "swiss"]
[EventRounds "5"]
[EventCountry "WLS"]

{[%evp 0,19,14,17,38,-9,43,37,32,22,27,24,58,51,58,46,46,28,30,28,35,35]} 1. d4
Nf6 2. c4 g6 3. Nc3 Bg7 4. e4 d6 5. f3 c6 (5... O-O) 6. Be3 a6 7. a4 (7. Qd2) (
7. Bd3) 7... a5 8. Bd3 Na6 9. Nge2 e5 10. d5 O-O 11. Qd2 (11. O-O Nd7 {2 draws,
7 Bl wins}) 11... Nb4 {2 draws, 2 Bl wins} (11... Nd7 {2 Wh wins, 4 draws % 3
Bl wins}) 12. Bb1 cxd5 (12... c5 {1-2}) 13. Nxd5 (13. cxd5 Nd7 14. O-O Nc5 15.
Ra3 {2 draws}) 13... Nfxd5 14. cxd5 Bd7 $11 15. Nc1 (15. O-O) 15... Qh4+ 16.
Bf2 Qh5 17. Nd3 Bh6 18. Be3 Bxe3 19. Qxe3 Qh4+ 20. Qf2 Qxf2+ 21. Kxf2 Rfc8 $11
(21... Na6 22. Rc1 f5 23. Ke3 $11 {Komodo13}) 22. Nxb4 axb4 23. Bd3 Rc5 (23...
Rxa4 24. Rxa4 Bxa4 25. Ra1 Bd7 26. Ke3 $11 {Komodo13- the doubled b pawns are
not much of an investment}) 24. Rhc1 Rxa4 25. Rxa4 Bxa4 26. Rc4 (26. Ra1 $11)
26... Rxc4 27. Bxc4 Kf8 $17 {The Bl k gets very active} 28. Ke3 Ke7 29. Kd3 f5
{creating some open lines} 30. exf5 (30. Kd2 f4 31. g4 g5 32. Be2 Kd7 33. Bd3
Kc7 $19 34. Bc4 Kb6 35. Be2 Bb3 36. Bf1 Kc5 37. Bh3 Kd4 38. Bg2 Bc4 39. Bh3 Bb5
40. Bg2 Bd3 41. Bh3 Bxe4 42. fxe4 Kxe4 $19 {Komodo13}) 30... gxf5 31. Ke3 h6
32. g3 Kf6 33. f4 b5 34. Ba2 (34. Bf1 Bb3 35. Bg2 Bc4 {and again Wh will be
forced into zugzwang}) 34... Bc2 35. fxe5+ Kxe5 36. b3 Be4 (36... Kxd5) 37. h3
Bxd5 38. Kd3 Be4+ 0-1

[Event "West Wales Open"]
[Site "Swansea"]
[Date "2019.10.13"]
[Round "4.8"]
[White "Makkar, Rajat"]
[Black "Young, Alan"]
[Result "1-0"]
[WhiteElo "2135"]
[BlackElo "2015"]
[Annotator "kemen"]
[PlyCount "71"]
[EventDate "2019.10.12"]
[EventType "swiss"]
[EventRounds "5"]
[EventCountry "WLS"]

{[%evp 0,17,30,35,27,0,4,0,10,-18,11,12,25,25,46,33,33,45,45,23]} 1. d4 d5 2.
c4 e6 (2... dxc4 {was Bl's usual response in previous years}) 3. Nf3 Nf6 4. g3
Bb4+ 5. Bd2 Bd6 6. Bg2 c6 7. O-O Nbd7 8. Qc2 Ne4 ({after} 8... O-O {in a
similar position, Bl suffered from a severe lack of space in Rd 2-
Cheung-Young, West Wales Open 2019,1-0. Although survived in AH Williams-Young,
Dyfed Open 2019,1/2-1/2}) 9. Ne1 $146 (9. Nc3) (9. Bf4) 9... Nxd2 10. Nxd2 Nf6
11. Nd3 (11. e4 $16 {Komodo13}) 11... O-O 12. Rad1 {Wh wishes to mobilize
before any pawn break} (12. b4 Qe7 13. Rab1 Rd8 14. b5 {transposition to
Ozturk-Atalik, TUR ch tm 2017,1/2-1/2}) 12... Qc7 13. e4 dxe4 14. Nxe4 Nxe4 15.
Bxe4 g6 16. Rfe1 Rd8 17. b4 (17. c5 Bf8 18. Qc3 Bg7 19. Ne5 Bd7 20. Bg2 Be8 21.
Nc4 $16 {Komodo13}) 17... a5 $11 18. a3 (18. c5 $5) 18... Bf8 19. Qb2 axb4 20.
Nxb4 {gives Bl some chances} (20. axb4 Qd6 21. Qe2 Qc7 (21... Qxd4 22. Ne5 Qb6
23. c5 Qc7 24. Rxd8 Qxd8 25. Rd1 Qc7 26. f4 $11) 22. Qb2 $11 {Komodo13}) 20...
Qa5 (20... Ra5 $17 {Deep Fritz14 & Komodo13}) 21. Rd3 {Deep Fritz14} (21. Nc2
$15 {Komodo13}) 21... c5 (21... e5 $17 {both Engines} 22. dxe5 Re8 $17 {
Komodo13} (22... Rxd3 23. Nxd3 Qxa3 $17 {Deep Fritz13})) 22. dxc5 $11 Rxd3 (
22... Bxc5 $11 {both Engines}) 23. Nxd3 Bxc5 24. a4 (24. Qf6 Bf8 25. Rd1 Bg7
26. Qe7 Bf8 (26... Qxa3 27. Nc5 $18) 27. Qf6 Bg7 $11 {Komodo13}) 24... Bd7 (
24... Bf8 $15 {both Engines}) 25. Qxb7 $11 {Deep Fritz14} (25. Bxb7 Ra7 26. Rc1
$14 {Komodo13}) 25... Rd8 26. Ra1 Bd4 (26... Qc3 {Komodo13}) (26... Bf8 {
Deep Fritz14}) 27. Ra2 Qc3 28. Qc7 (28. Qb4 $14 {both Engines}) 28... Bf6 29.
a5 Qb3 (29... Bb5 {both Engines} 30. a6 Bxc4 (30... Qxc4 31. Qxc4 Bxc4 32. Ra4
Bb5 33. Ra5 Bxd3 34. Bxd3 Bd4 35. Kf1 Kf8 36. Ra2 $14 {Komodo13}) 31. Ra4 Rxd3
32. Qxc4 (32. Bxd3 Qe1+ 33. Kg2 Bxd3 {mate in 18-Komodo13}) 32... Qxc4 33. Rxc4
Ra3 34. Bb7 $11 {Komodo13}) 30. Ra1 (30. Rb2 $18 {both Engines} Qd1+ 31. Kg2
Qa1 32. Rb4 Kg7 33. h4 h5 34. c5 $18 {Komodo13}) 30... Be8 (30... Bc6 {both
Engines} 31. Bxc6 Qxd3 32. Rc1 Qe2 33. Qf4 Bd4 34. Kg2 Bc5 $11 {Komodo13}) 31.
a6 $18 Qc3 32. Rc1 (32. Rb1) 32... Qa3 33. a7 Rxd3 34. Bxd3 Qxc1+ 35. Bf1 (35.
Kg2) 35... Qa1 36. Qb8 1-0

[Event "West Wales Open"]
[Site "Swansea"]
[Date "2019.10.13"]
[Round "4.9"]
[White "Van Kemenade, Rudy"]
[Black "Van Veelen, Thomas"]
[Result "1/2-1/2"]
[WhiteElo "1885"]
[BlackElo "1992"]
[Annotator "kemen"]
[PlyCount "71"]
[EventDate "2019.10.12"]
[EventType "swiss"]
[EventRounds "5"]
[EventCountry "WLS"]

1. e4 e6 2. d3 d5 3. Qe2 dxe4 4. dxe4 e5 5. Nf3 Nc6 6. c3 Nf6 (6... a5 7. Qc2
Bc5 8. Bb5 Qf6 {Van Kemenade- Thompson, Rd1 West Wales Open 2019,0-1}) 7. Qc2
Bc5 (7... Bd6) 8. Bb5 (8. b4 {main} Bd6 (8... Bb6 {5-0}) 9. Nbd2 {4-2} (9. Bc4
{2-0})) 8... Bd7 (8... O-O 9. O-O {2 Wh wins, 2 draws}) (8... Qe7 {1 win each,
1 draw}) 9. Nbd2 {Komodo13 & Stockfish8} (9. O-O Qe7 10. b4 Bd6 11. Be2 a5 12.
b5 Nd8 13. a4 Ne6 14. Nbd2 Nc5 15. Bd3 Bg4 {Jamrich-Goczo. HUN ch tm 2000,
draw agreed}) (9. Bg5 O-O 10. O-O Bd6 11. Ba4 (11. Nbd2 Nb4 12. Qa4 c6 13. Be2
b5 14. Qd1 Na6 15. Nc4 Be7 16. Ncxe5 {Herera-Davis, Mar del Plata Open 2009,1-0
}) 11... a6 12. Bb3 Na5 13. Nbd2 Nxb3 14. axb3 b6 15. Nc4 Bb5 16. Rfd1 Bxc4 17.
bxc4 Qe7 18. Nh4 Qe6 19. Nf5 Ne8 20. Qd3 h6 21. Bh4 Kh7 {Biti-Winkler, Nova
Gorica 2009,1-0}) 9... O-O 10. h3 (10. Bxc6 {looks dangerous} Bxc6 11. Nxe5 Qe8
(11... Bb5 12. c4 Re8 (12... Ba6 13. O-O $16 {pm analysis})) 12. Nxc6 Qxc6 13.
Nb3 (13. O-O Rae8 $11) 13... Bb6 14. f3 Rfe8 15. Bd2 Nxe4 16. fxe4 Rxe4+ 17.
Kd1 Rd8 $15 {Komodo13}) (10. O-O) 10... Qe7 11. Nf1 {too ambitious- aiming for
a K side attack} (11. O-O) (11. a4) 11... Nb4 $1 $19 12. cxb4 Bxb4+ 13. Bd2
Bxb5 14. O-O-O Rad8 15. Bxb4 (15. Ng3 Bd3 $2 {looked dangerous but loses
tactically} (15... Bxd2+ 16. Rxd2 Rxd2 17. Qxd2 Rd8 18. Qc3 Re8 19. Rd1 Bc6 $17
) 16. Bxb4 Bxc2 17. Bxe7 Rxd1+ 18. Rxd1 Bxd1 19. Kxd1 {with 2 pieces for a R})
15... Qxb4 (15... Rxd1+ 16. Kxd1 Qxb4 17. Ng3 Qd6+ $19 {Komodo13}) 16. Ng3 (16.
Rxd8 Rxd8 17. Ng3 $17 {Komodo13, as now} Ba4 (17... Qa5 $19 {Komodo13}) 18.
Qxc7 Rd6 19. Kb1 {though} Ne8 20. Qc1 f6 21. Qe3 Bd1 22. Qc1 Bxf3 23. gxf3 Rd2
$17) 16... Ba4 $1 {causes a terrible weakness in the Wh K position} 17. b3 Bc6
18. Nxe5 (18. Rhe1 {pm analysis} Rxd1+ 19. Kxd1 Rd8+ 20. Kc1 Ne8 $1 $19 {
Komodo13} 21. Re3 f6) 18... Bxe4 19. Nxe4 Nxe4 20. Kb2 Nc5 21. Rxd8 {this
doesn't help, but Wh was hoping to followup with Rd1 & have some back rank play
} (21. Nc4 {pm analysis} h6 $17 (21... b5 22. Ne5 (22. Ne3 Na4+ 23. Ka1 Nc3 24.
Rc1 Nd5 $17) 22... Na4+ 23. Ka1 Rxd1+ 24. Rxd1 Qe7 25. f4 Nb6 26. Rc1 h6 27.
Qxc7 Qf6 28. Rf1 Rd8 $15)) 21... Rxd8 22. Nc4 (22. Rd1 $2 Na4+ 23. Kb1 (23. Ka1
Rxd1+ 24. Qxd1 Qc3+ 25. Kb1 Qb2#) 23... Rxd1+ 24. Qxd1 Nc3+ $19) 22... Nd3+ {
which is why Wh should have kept the first R on d1} 23. Kb1 b5 $1 {though it
does split Bl's Q side pawns} (23... Ne1 {feared by Wh} 24. Qe2 (24. Qe4 Rd1+
25. Kb2 Nd3+ 26. Kc2 Rxh1 {picks up an exchange}) 24... Nxg2 25. Qe5 b5 26.
Qxc7 Rf8 27. Nb2 Qd4 $19 {Komodo13}) 24. a3 (24. Ne3 {Thomas} c5 $19) 24... Qe7
25. Na5 {hoping for some activity} (25. Nb2 Ne1 $1 (25... Nxb2 26. Kxb2 c5 $19)
26. Qc3 Nxg2 27. Rg1 {pm analysis} g6 $1 $19 {Komodo13}) (25. Ne3 c5 26. Rd1
Qe4 27. Ka1 Qd4+ $19 {Komodo13}) 25... Qxa3 26. Nc6 (26. Rd1 Qxa5 27. Rxd3 Rxd3
28. Qxd3 Qe1+ 29. Ka2 Qxf2+ $19 {Komodo13}) 26... Nb4 $1 {missed by Wh} 27.
Nxb4 Qxb4 28. Qxc7 (28. Rd1 Rxd1+ 29. Qxd1 g6 30. Ka2 c5 {is a little better ,
but Wh has nothing}) 28... Qxb3+ 29. Kc1 Qc4+ (29... Qa3+ $1 {Komodo13} 30. Kb1
Qb4+ 31. Ka1 Qd4+ 32. Ka2 h5 $19 {the Wh K is badly exposed}) 30. Qxc4 bxc4 31.
Kc2 $17 g5 $6 {creating a weakness that allows Wh to save the game} (31... g6
32. Ra1 Rd7 (32... Re8 33. Kd2 Re7 34. Ra2 Rc7 35. Kc3 {Komodo13}) 33. Kc3 Rc7
34. Ra6 Kg7 {Bl should be able to win, pm analysis}) (31... Rd6 32. Kc3 Rf6 33.
f3 Rc6 34. Ra1 a6 35. h4 g6 $17 {Komodo13}) 32. Ra1 Rd7 (32... Re8 {Komodo13}
33. Kd1 (33. Kd2 c3+ 34. Kxc3 Re2) 33... c3 34. Ra5 h6 35. Rc5 Rb8 36. Rxc3 Rb2
37. Ke1 Ra2 $17 {Komodo13 is certainly playing better than both players}) 33.
Ra5 Rc7 (33... h6 34. Rc5 Kg7 35. Rxc4 Rd5 36. Ra4 Rf5 37. f3 a5 {Wh still has
good drawing chances against a Rs pawn as the extra}) 34. Rxg5+ $11 Kf8 35. Kc3
Ke8 (35... Ke7 {almost played, but it makes little difference}) 36. Rh5 {
(draw?)} (36. Rg8+ Ke7 37. Rh8 {pm analysis} Rb7 38. Rxh7 Rb3+ 39. Kxc4 Rb2 40.
Rh5 Rxf2 41. g4 $11 {Komodo13}) (36. Rh5 Rc6 37. Rxh7 Rf6 38. Kxc4 Rxf2 39. g4
$11 {Komodo13}) 1/2-1/2

[Event "West Wales Open"]
[Site "Swansea"]
[Date "2019.10.13"]
[Round "4.10"]
[White "Phillips, William"]
[Black "Hare, Roy T"]
[Result "1-0"]
[WhiteElo "1893"]
[BlackElo "1672"]
[Annotator "kemen"]
[PlyCount "69"]
[EventDate "2019.10.12"]
[EventType "swiss"]
[EventRounds "5"]
[EventCountry "WLS"]

{[%evp 0,21,25,26,26,27,56,59,74,74,85,61,68,41,93,66,73,64,69,42,39,32,33,26]
} 1. d4 Nf6 2. Nf3 d6 3. Nc3 g6 4. e4 Bg7 5. Be2 O-O 6. h3 Nbd7 7. Be3 c6 8.
O-O (8. a4) 8... b5 (8... e5) (8... Qc7) 9. a3 {40 % for Wh} (9. e5 {64% for Wh
}) 9... Bb7 (9... Nb6) 10. e5 dxe5 (10... Ne8 11. e6 {6 Wh wins, 1 draw, 2 Bl
wins}) 11. dxe5 Ne8 (11... Nd5 {Cloud Engines} 12. Nxd5 cxd5 13. e6 (13. Bd4
$14 a6 14. e6 fxe6 15. Ng5 Bxd4 16. Qxd4 e5 17. Qh4 Nf6 18. Ne6 {
Skara-Bergmannshoff, Bochum ch 1989,1-0}) (13. Bxb5 Nxe5 14. Nxe5 Bxe5 15. Bd4
Bd6 16. f4 $11 {Mendes-Brisson, FRA cup email 2014,0-1}) 13... Ne5 14. exf7+
Nxf7 15. Nd4 Qd6 16. f4 {Bednarska-Urban, Police op 1993,0-1} (16. Nxb5 $14))
12. e6 $16 {Bl thought this was a mistake} fxe6 13. Ng5 Nc7 14. Bg4 Ne5 (14...
Rf5 15. Bxf5 exf5 16. Qd2 Qe8 17. Rad1 Ne5 18. Bf4 Nd5 19. Nxd5 cxd5 20. Qe2
$16 {Mela-Morselli, Imperia op 2007,1-0}) 15. Bxe6+ Nxe6 16. Nxe6 $18 Qxd1 17.
Raxd1 Rfc8 18. Nxg7 Kf7 {hoping to catch the N later} (18... Kxg7 19. Bd4) 19.
Bd4 (19. Bh6) (19. Bc5) (19. Rfe1) 19... Nc4 20. Ne4 e5 21. Bc3 Rd8 22. b3 Kxg7
23. bxc4 Rxd1 24. Bxe5+ Kh6 25. Rxd1 bxc4 26. Bf4+ (26. Rd7 Rg8 (26... Bc8 27.
Bg7+ Kh5 28. Ng3+ Kg5 29. Rd4 Bxh3 30. gxh3 Re8 31. h4#) 27. Rxb7 {Komodo13})
26... g5 27. Bxg5+ Kg6 28. f4 (28. Rd6+ Kf5 29. f3 Rf8 30. Rh6 c5 31. Be7 Rg8
32. Nd6+ Ke5 33. Nxb7 $18 {Komodo13}) 28... Re8 29. Rd6+ (29. Nd6 Rb8 30. Rb1)
29... Kf7 30. Rd7+ Kg6 31. Nd6 Re1+ 32. Kf2 Rd1 33. Nxc4 (33. Be7) (33. Rxb7
Rxd6 34. g4) 33... Rb1 34. g4 (34. Rd6+ {mate in 7-Komodo13} Kg7 35. Ne5 h5 36.
Bf6+ Kh6 37. Rd7 Rf1+ 38. Kxf1 Ba6+ 39. Kf2 h4 40. Bg5+ Kh5 41. Rh7#) 34... Ba6
35. Ne5# 1-0